[Event "Krasnodar 11"]
[Site "Krasnodar"]
[Date "2004.11.??"]
[Round "9"]
[White "Piskunov, Yury"]
[Black "Shapar, S."]
[Result "1/2-1/2"]
[WhiteElo "2228"]
[BlackElo "2145"]
[PlyCount "71"]
[EventDate "2004.11.??"]
[EventType "swiss"]
[EventRounds "11"]
[EventCountry "RUS"]
[SourceTitle "EXT 2006"]
[Source "ChessBase"]
[SourceDate "2005.11.24"]
[SourceVersion "1"]
[SourceVersionDate "2005.11.24"]
[SourceQuality "1"]

1. e4 c5 2. Nf3 Nc6 3. d4 cxd4 4. Nxd4 Nf6 5. Nc3 d6 6. Be2 e6 7. Be3 Be7 8. 0-0 Qc7 9. f4 Nxd4 10. Bxd4 e5 11. Bb5+ Kf8 12. Be3 a6 13. Be2 Be6 14. f5 Bc4 15. Bxc4 Qxc4 16. Qf3 h6 17. Rfd1 b5 18. a3 a5 19. Bf2 Rc8 20. Bh4 b4 21. axb4 axb4 22. Bxf6 Bxf6 23. Nd5 Qxc2 24. b3 Kg8 25. Ra7 Bh4 26. g3 Bd8 27. Rb7 Ra8 28. Qh5 Kh7 29. Rxf7 Rg8 30. f6 Qxe4 31. Rxg7+ Rxg7 32. fxg7 Ra2 33. g8Q+ Kxg8 34. Qe8+ Kg7 35. Qd7+ Kg6 36. Qe6+ 1/2-1/2

[Event "Krasnodar 11"]
[Site "Krasnodar"]
[Date "2004.11.??"]
[Round "6"]
[White "Shapar, S."]
[Black "Bedia, Melor"]
[Result "1-0"]
[WhiteElo "2145"]
[BlackElo "2164"]
[PlyCount "51"]
[EventDate "2004.11.??"]
[EventType "swiss"]
[EventRounds "11"]
[EventCountry "RUS"]
[SourceTitle "EXT 2006"]
[Source "ChessBase"]
[SourceDate "2005.11.24"]
[SourceVersion "1"]
[SourceVersionDate "2005.11.24"]
[SourceQuality "1"]

1. d4 d5 2. Nf3 Nf6 3. c4 c6 4. Qc2 g6 5. Bf4 Bf5 6. Qb3 Qb6 7. e3 Nbd7 8. h3 Bxb1 9. Rxb1 e6 10. Bd3 Qxb3 11. axb3 Bb4+ 12. Ke2 Ke7 13. c5 Ne8 14. Ra1 f6 15. Ra4 a5 16. Rha1 Rc8 17. Rxa5 Bxa5 18. Rxa5 b6 19. cxb6 Nxb6 20. Ra7+ Nd7 21. Ba6 Nd6 22. Bxc8 Rxc8 23. g4 Rb8 24. g5 fxg5 25. Ne5 Rb7 26. Nxc6+ 1-0

[Event "RUS-ch 1/2 fin"]
[Site "Krasnodar"]
[Date "2002.??.??"]
[Round "?"]
[White "Shapar, S."]
[Black "Shibaev, Fyodor"]
[Result "0-1"]
[WhiteElo "2145"]
[BlackElo "2301"]
[PlyCount "54"]
[EventDate "2002.??.??"]
[EventType "swiss"]
[EventRounds "9"]
[EventCountry "RUS"]
[SourceTitle "EXT 2003"]
[Source "ChessBase"]
[SourceDate "2002.11.25"]
[SourceVersion "1"]
[SourceVersionDate "2002.11.25"]
[SourceQuality "1"]

1. d4 Nf6 2. Nf3 g6 3. c4 Bg7 4. Nc3 0-0 5. e4 d6 6. Be2 e5 7. Be3 Ng4 8. Bg5 f6 9. Bh4 Nc6 10. d5 Ne7 11. Nd2 Nh6 12. f3 Nf7 13. Bf2 f5 14. c5 Kh8 15. b4 Bd7 16. Qc2 fxe4 17. fxe4 Ng8 18. g4 Ngh6 19. h3 Bf6 20. 0-0-0 Bh4 21. Be3 Ng5 22. Nc4 Qe7 23. Qd2 Ng8 24. a4 h6 25. Kb1 Rf7 26. b5 b6 27. cxd6 a5 0-1

[Event "Krasnodar2"]
[Site "Krasnodar"]
[Date "2001.??.??"]
[Round "?"]
[White "Aveskulov, Valeriy"]
[Black "Shapar, S."]
[Result "1-0"]
[WhiteElo "2327"]
[BlackElo "2145"]
[PlyCount "67"]
[EventDate "2001.08.??"]
[EventType "tourn"]
[EventRounds "9"]
[EventCountry "RUS"]
[EventCategory "6"]
[SourceTitle "EXT 2002"]
[Source "ChessBase"]
[SourceDate "2001.11.25"]
[SourceVersion "1"]
[SourceVersionDate "2001.11.25"]
[SourceQuality "1"]

1. e4 c5 2. Nf3 Nc6 3. Bb5 d6 4. 0-0 Nf6 5. Re1 e5 6. c3 Qb6 7. Ba4 Bg4 8. h3 Bh5 9. d3 Be7 10. Nbd2 Qa6 11. Bb3 b5 12. Nf1 c4 13. Bc2 0-0 14. Bg5 Nd7 15. Bxe7 Nxe7 16. g4 Bg6 17. d4 f6 18. Ng3 Rfd8 19. a4 Qb7 20. b4 d5 21. Nf5 Bxf5 22. exf5 a5 23. bxa5 b4 24. cxb4 Qxb4 25. dxe5 fxe5 26. Nxe5 Nxe5 27. Rxe5 d4 28. Rb1 Qa3 29. Rb7 Nc6 30. Re6 Nxa5 31. Rc7 d3 32. Ree7 Qc3 33. Qf3 Ra6 34. Qd5+ 1-0

[Event "RUS-ch sf"]
[Site "Krasnodar"]
[Date "2001.??.??"]
[Round "?"]
[White "Bondarev, Boris"]
[Black "Shapar, S."]
[Result "0-1"]
[WhiteElo "2145"]
[BlackElo "2145"]
[PlyCount "100"]
[EventDate "2001.??.??"]
[EventType "swiss"]
[EventRounds "9"]
[EventCountry "RUS"]
[SourceTitle "EXT 2002"]
[Source "ChessBase"]
[SourceDate "2001.11.25"]
[SourceVersion "1"]
[SourceVersionDate "2001.11.25"]
[SourceQuality "1"]

1. e4 c5 2. Nf3 Nc6 3. c3 d5 4. exd5 Qxd5 5. d4 cxd4 6. cxd4 e5 7. Nc3 Bb4 8. Bd2 Bxc3 9. Bxc3 e4 10. Ne5 Nxe5 11. dxe5 Ne7 12. Qxd5 Nxd5 13. Bb5+ Bd7 14. Bxd7+ Kxd7 15. 0-0-0 Ke6 16. Bd4 Nb4 17. f4 exf3 18. gxf3 Nxa2+ 19. Kd2 Nb4 20. Ke3 Rhd8 21. Ke4 Nc6 22. Bc3 Rxd1 23. Rxd1 Rd8 24. Rg1 g6 25. h4 h5 26. f4 Ne7 27. Ra1 a6 28. Ra3 Rc8 29. Rb3 Rc7 30. Kd3 b5 31. Ra3 Rc6 32. Ke4 b4 33. Bxb4 Rc4+ 34. Kf3 Rxb4 35. Rxa6+ Kd7 36. Ra7+ Kd8 37. Ra8+ Nc8 38. Ra2 Kc7 39. Ra6 Rb6 40. Rxb6 Kxb6 41. f5 Ne7 42. f6 Nc6 43. Ke4 Nd8 44. Kd5 Kc7 45. b4 Ne6 46. b5 g5 47. hxg5 Nxg5 48. Kd4 h4 49. Ke3 h3 50. Kf2 Kb6 0-1

[Event "RUS-ch sf"]
[Site "Krasnodar"]
[Date "2001.??.??"]
[Round "?"]
[White "Bryzgalin, Kirill"]
[Black "Shapar, S."]
[Result "1-0"]
[WhiteElo "2373"]
[BlackElo "2145"]
[PlyCount "109"]
[EventDate "2001.??.??"]
[EventType "swiss"]
[EventRounds "9"]
[EventCountry "RUS"]
[SourceTitle "EXT 2002"]
[Source "ChessBase"]
[SourceDate "2001.11.25"]
[SourceVersion "1"]
[SourceVersionDate "2001.11.25"]
[SourceQuality "1"]

1. e4 e6 2. d4 d5 3. Nd2 Nf6 4. e5 Nfd7 5. Bd3 c5 6. c3 Nc6 7. Ne2 cxd4 8. cxd4 f6 9. exf6 Qxf6 10. Nf3 h6 11. 0-0 Bd6 12. Bc2 0-0 13. Be3 Rd8 14. Qd2 Nf8 15. Bf4 Bxf4 16. Nxf4 Bd7 17. Rfe1 Be8 18. Ba4 Ne7 19. Bc2 Nc6 20. Qe3 Bf7 21. Rac1 Rac8 22. h3 a6 23. Bb1 Rc7 24. Rc3 Rdc8 25. Rec1 Qd8 26. Nd3 Nd7 27. Qf4 Nf6 28. Nc5 Qe7 29. a3 Nh5 30. Qe3 Nf6 31. b4 Na7 32. a4 Rf8 33. Ne5 Be8 34. Ned3 Bf7 35. Nf4 Re8 36. Ng6 Bxg6 37. Bxg6 Rec8 38. R3c2 Rc6 39. Qe2 Rf8 40. Re1 Qd6 41. Qxe6+ Qxe6 42. Rxe6 Rxe6 43. Nxe6 Rc8 44. Rxc8+ Nxc8 45. Nc5 Ne7 46. Bd3 b6 47. Nxa6 Nc6 48. Kf1 Nxd4 49. Nb8 Nb3 50. Nc6 Kf7 51. Ke1 Ke6 52. Bc2 Kd6 53. Bxb3 Kxc6 54. Ke2 Ne4 55. Ke3 1-0

[Event "RUS-ch sf"]
[Site "Krasnodar"]
[Date "2001.??.??"]
[Round "?"]
[White "Shapar, S."]
[Black "Zvezdov, Nikolay S"]
[Result "1/2-1/2"]
[WhiteElo "2145"]
[BlackElo "2259"]
[PlyCount "78"]
[EventDate "2001.??.??"]
[EventType "swiss"]
[EventRounds "9"]
[EventCountry "RUS"]
[SourceTitle "EXT 2002"]
[Source "ChessBase"]
[SourceDate "2001.11.25"]
[SourceVersion "1"]
[SourceVersionDate "2001.11.25"]
[SourceQuality "1"]

1. d4 Nf6 2. Nf3 e6 3. c4 d5 4. g3 Bb4+ 5. Bd2 Be7 6. Bg2 0-0 7. Qc2 Nbd7 8. 0-0 c5 9. cxd5 exd5 10. Nc3 b6 11. Ng5 Bb7 12. dxc5 Nxc5 13. b4 Nce4 14. Ngxe4 dxe4 15. Rfd1 Bxb4 16. Nxe4 Rc8 17. Bxb4 Rxc2 18. Rxd8 Rxd8 19. Nxf6+ gxf6 20. Bxb7 Rxe2 21. Bf3 Rc2 22. a4 a5 23. Be7 Rdd2 24. Bxf6 Rxf2 25. Rd1 Rcd2 26. Rxd2 Rxd2 27. Bg5 Ra2 28. Bc6 Re2 29. Bb5 Re6 30. Kf2 Kg7 31. Be3 f5 32. Bd7 Re7 33. Bxf5 Rf7 34. g4 h5 35. h3 hxg4 36. hxg4 Rxf5+ 37. gxf5 Kf6 38. Bxb6 Kxf5 39. Bxa5 Ke6 1/2-1/2

[Event "Krasnodar2"]
[Site "Krasnodar"]
[Date "2001.??.??"]
[Round "?"]
[White "Stambulian, Arsen"]
[Black "Shapar, S."]
[Result "1-0"]
[WhiteElo "2371"]
[BlackElo "2145"]
[PlyCount "47"]
[EventDate "2001.08.??"]
[EventType "tourn"]
[EventRounds "9"]
[EventCountry "RUS"]
[EventCategory "6"]
[SourceTitle "EXT 2002"]
[Source "ChessBase"]
[SourceDate "2001.11.25"]
[SourceVersion "1"]
[SourceVersionDate "2001.11.25"]
[SourceQuality "1"]

1. e4 c5 2. Nf3 Nc6 3. c3 d5 4. exd5 Qxd5 5. d4 cxd4 6. cxd4 e5 7. Nc3 Bb4 8. Bd2 Bxc3 9. Bxc3 e4 10. Ne5 Nxe5 11. dxe5 Ne7 12. Be2 Bd7 13. 0-0 Bc6 14. Qc1 0-0 15. Rd1 Qe6 16. Rd6 Qc8 17. Qg5 Ng6 18. h4 Qc7 19. h5 h6 20. Qg4 Ne7 21. Rxh6 Nd5 22. Bd4 Rad8 23. e6 f6 24. Qg6 1-0